LEADER 01324nam 2200361z- 450 001 9910694469403321 005 20080424083722.0 035 $a(CKB)5860000000026869 035 $a(BIP)021307920 035 $a(EXLCZ)995860000000026869 100 $a20220406c2008uuuu -u- - 101 0 $aeng 200 10$aInternal Revenue Service operations and the tax gap $ehearing before the Subcommittee on Oversight of the Committee on Ways and Means, U.S. House of Representatives, One Hundred Tenth Congress, first session, March 20, 2007 215 $a1 online resource (iii, 72 p.) 311 $a0-16-080537-6 517 $aInternal Revenue Service Operations and the Tax Gap 606 $aTaxpayer compliance$zUnited States 606 $aTax collection$zUnited States 606 $aTax administration and procedure$zUnited States 606 $aIncome tax$zUnited States 610 $aUnited States 610 $aTax collection 610 $aTax administration and procedure 610 $aIncome tax 610 $aBusiness & economics 615 0$aTaxpayer compliance 615 0$aTax collection 615 0$aTax administration and procedure 615 0$aIncome tax 906 $aBOOK 912 $a9910694469403321 996 $aInternal Revenue Service operations and the tax gap$93153188 997 $aUNINA